Topics in managerial accounting

Guardat en:
Dades bibliogràfiques
Autor principal: Rosen, L. S (Autor)
Format: Llibre
Idioma:anglès
Publicat: Toronto McGraw-Hill 1970
Edició:2a. ed
Matèries:
Etiquetes: Afegir etiqueta
Sense etiquetes, Sigues el primer a etiquetar aquest registre!

MARC

LEADER 00000nam a2200000 a 4500
001 UCQ0251
003 CL-VaPUC
008 980627e19700000CN |||||||||||||||||eng|d
082 0 4 |a 658.151  |b ROS  |2 21 
100 0 |a Rosen, L. S  |e author  |9 413384 
245 1 0 |a Topics in managerial accounting 
250 |a 2a. ed 
300 |a 412 p 
942 |c BK 
945 |d 19980627 00:00:00  |a cmena 
260 |a Toronto  |b McGraw-Hill  |c 1970 
650 0 |a Administración financiera  |9 261146 
650 0 |a Contabilidad de costos   |9 260564 
650 0 |a Estados de cuentas  |9 352305 
650 0 |a Control presupuestario  |9 345693 
650 7 |a PLANIFICACION Y CONTROL  |2 CL-VaPUC  |9 413385 
650 0 |a Precios   |9 260787 
650 0 |a Inversiones  |9 345867 
650 0 |a Capital   |9 263726 
650 0 |a Toma de decisiones   |9 257530 
583 |a last modification  |c 19980627 00:00:00  |k Rodrigo Vera 
999 |c 271390  |d 271388 
952 |0 0  |1 0  |4 0  |6 658_151000000000000_ROS_1970  |7 0  |8 P  |9 306031  |a BIBGIM  |b BIBGIM  |d 2019-11-20  |i 1426567  |o 658.151 ROS 1970  |p 1426567  |r 2025-01-15  |w 2019-11-20  |y BK  |k COM